|
|
|
|
| LEADER |
00000nas a2200000 a 4500 |
| 001 |
28700-28743 |
| 003 |
AGDB |
| 005 |
20260324181509.0 |
| 008 |
160829s9999 xx 000 0 cat d |
| 017 |
|
|
|a B 3917-1983
|
| 017 |
|
|
|a B 21853-1983
|
| 017 |
|
|
|a B 27868-1983
|
| 017 |
|
|
|a B 24715-1983
|
| 017 |
|
|
|a B 1478-1994
|
| 022 |
|
|
|a 0213-3644
|
| 080 |
|
|
|a Revistes
|
| 245 |
|
|
|a Nota d'economia /
|c Generalitat de Catalunya, Departament d'Economia i Finances
|
| 260 |
|
|
|a [Barcelona] :
|b Direcció General de Programació Econòmica ;
|c 1983-
|
| 300 |
|
|
|a v. ;
|b Taules, gràf. ; periodicitat: irregular ;
|c 25 cm
|
| 310 |
|
|
|a Irregular
|
| 362 |
|
|
|a Núm. 1 (gener 1983)-
|
| 500 |
|
|
|a Posteriorment apareix el subtítol: Revista d'economia catalana i de sector públic.
|
| 500 |
|
|
|a El 1983 es publiquen també 3 suplements: Informes, Documents i Monografies.
|
| 500 |
|
|
|a Entre 1984 i 4985 es publica el suplement: Monografies.
|
| 500 |
|
|
|a Exemplars:
1983 (Núm. 1-Núm. 10) + Supl. Monografies (Sèrie A, núm. 1-2) + Supl. Documents (Sèrie C, núm. 1) + Supl. Informes (Sèrie D, núm. 1) ;
1984 (Núm. 11-Núm. 19) + Supl. Monografies (Sèrie A, núm. 3-7) ;
1985 (Núm. 20-Num. 26) + Supl. Monografies (Núm. 1-10) ;
1986 (Núm. 27-Núm. 28) ;
1987 (Núm. 29-Núm. 31) ;
1988 (Núm. 32-Núm. 33) ;
1989 (Núm. 34-Núm. 36) ;
1990 (Núm. 37-Núm. 39) ;
1991 (Núm. 40-Núm. 42) + Separata núm. 41 ;
1992 (Núm. 44) ;
1993 (Núm. 45-Núm. 47) ;
1994 (Núm. 48-Núm. 50) ;
1995 (Núm. 51-Núm. 53) ;
1996 (Núm. 54) ;
1997 (Núm. 57-Núm. 59) ;
1998 (Núm. 60-Núm. 62) ;
1999 (Núm. 63- Núm. 65).
|
| 530 |
|
|
|a A partir de l'any 2000, es troba disponible a Internet.
|
| 546 |
|
|
|a A partir de l'any 2010 es troba en català i castellà.
|
| 650 |
|
0 |
|a Economia
|v Revistes
|9 11548
|
| 651 |
|
0 |
|a Catalunya
|x Condicions econòmiques
|y S. XX
|v Revistes
|9 56403
|
| 655 |
|
0 |
|a Revistes
|9 55823
|
| 710 |
1 |
|
|a Catalunya.
|b Departament d'Economia i Finances
|9 52960
|
| 856 |
4 |
0 |
|u https://economia.gencat.cat/ca/ambits-actuacio/economia-catalana/estudis-publicacions/nota-economia/index.html?pagebf8c4cff-73e2-11ee-a89d-005056ba51b2=3&googleoff=1
|y Accés lliure (Portal de la Generalitat de Catalunya)
|z (disponible en línia a partir de l'any 2000)
|
| 866 |
|
|
|a 1983 (Núm. 1-Núm. 10) + Supl. Monografies (Sèrie A, núm. 1-2) + Supl. Documents (Sèrie C, núm. 1) + Supl. Informes (Sèrie D, núm. 1)
|
| 866 |
|
|
|a 1984 (Núm. 11-Núm. 19) + Supl. Monografies (Sèrie A, núm. 3-7)
|
| 866 |
|
|
|a 1985 (Núm. 20-Num. 26) + Supl. Monografies (Núm. 1-10)
|
| 866 |
|
|
|a 1986 (Núm. 27-Núm. 28)
|
| 866 |
|
|
|a 1987 (Núm. 29-Núm. 31)
|
| 866 |
|
|
|a 1988 (Núm. 32-Núm. 33)
|
| 866 |
|
|
|a 1989 (Núm. 34-Núm. 36)
|
| 866 |
|
|
|a 1990 (Núm. 37-Núm. 39)
|
| 866 |
|
|
|a 1991 (Núm. 40-Núm. 42) + Separata núm. 41
|
| 866 |
|
|
|a 1992 (Núm. 44)
|
| 866 |
|
|
|a 1993 (Núm. 45-Núm. 47)
|
| 866 |
|
|
|a 1994 (Núm. 48-Núm. 50)
|
| 866 |
|
|
|a 1995 (Núm. 51-Núm. 53)
|
| 866 |
|
|
|a 1996 (Núm. 54)
|
| 866 |
|
|
|a 1997 (Núm. 57-Núm. 59)
|
| 866 |
|
|
|a 1998 (Núm. 60-Núm. 62)
|
| 866 |
|
|
|a 1999 (Núm. 63- Núm. 65)
|
| 901 |
|
|
|a Arxiu
|
| 942 |
|
|
|n 1
|2 udc
|c REV
|
| 952 |
|
|
|0 0
|1 0
|2 udc
|4 0
|6 REV2369
|7 1
|9 49204
|a Arxiu
|b Arxiu
|d 2016-12-01
|h Núm. 01 (gener 1983) - Núm. 10 (resum 1983)
|l 0
|o Rev-2369
|p 28700
|r 2016-12-01 00:00:00
|w 2016-12-01
|y ARXIU
|
| 952 |
|
|
|0 0
|1 0
|2 udc
|4 0
|6 REV2370
|7 1
|9 97672
|a Arxiu
|b Arxiu
|d 2025-01-20
|h Supl. Monografies (1983, Sèrie A, núm. 1-2)
|l 0
|o Rev-2370
|p 28701
|r 2025-01-20 00:00:00
|w 2025-01-20
|y ARXIU
|
| 952 |
|
|
|0 0
|1 0
|2 udc
|4 0
|6 REV2371
|7 1
|9 97675
|a Arxiu
|b Arxiu
|d 2025-01-20
|h Supl. Documents (1983, Sèrie C , núm. 1)
|l 0
|o Rev-2371
|p 28702
|r 2025-01-20 00:00:00
|w 2025-01-20
|y ARXIU
|
| 952 |
|
|
|0 0
|1 0
|2 udc
|4 0
|6 REV2372
|7 1
|9 97676
|a Arxiu
|b Arxiu
|d 2025-01-20
|h Supl. Informes (1983, Sèrie D, núm. 1)
|l 0
|o Rev-2372
|p 28703
|r 2025-01-20 00:00:00
|w 2025-01-20
|y ARXIU
|
| 952 |
|
|
|0 0
|1 0
|2 udc
|4 0
|6 REV2373
|7 1
|9 97677
|a Arxiu
|b Arxiu
|d 2025-01-20
|h Núm. 11 (gener 1984) - Núm. 19 (desembre 1984)
|l 0
|o Rev-2373
|p 28704
|r 2025-01-20 00:00:00
|w 2025-01-20
|y ARXIU
|
| 952 |
|
|
|0 0
|1 0
|2 udc
|4 0
|6 REV2374
|7 1
|9 97679
|a Arxiu
|b Arxiu
|d 2025-01-20
|h Supl. Monografies (1984, Sèrie A, núm. 3-7)
|l 0
|o Rev-2374
|p 28705
|r 2025-01-20 00:00:00
|w 2025-01-20
|y ARXIU
|
| 952 |
|
|
|0 0
|1 0
|2 udc
|4 0
|6 REV2375
|7 1
|9 97680
|a Arxiu
|b Arxiu
|d 2025-01-20
|h Núm. 20 (gener/febrer 1985) - Núm. 26 (desembre 1985)
|l 0
|o Rev-2375
|p 28706
|r 2025-01-20 00:00:00
|w 2025-01-20
|y ARXIU
|
| 952 |
|
|
|0 0
|1 0
|4 0
|6 REV2376
|7 1
|9 97681
|a Arxiu
|b Arxiu
|d 2025-01-20
|h Supl. Monografies (1985, núm. 1-10)
|l 0
|o Rev-2376
|p 28707
|r 2025-01-20 00:00:00
|w 2025-01-20
|y ARXIU
|
| 952 |
|
|
|0 0
|1 0
|2 udc
|4 0
|6 REV699
|7 1
|9 97682
|a Arxiu
|b Arxiu
|d 2025-01-20
|h Núm. 27 (juliol 1986)
|l 0
|o Rev-699
|p 28708
|r 2025-01-20 00:00:00
|w 2025-01-20
|y ARXIU
|
| 952 |
|
|
|0 0
|1 0
|2 udc
|4 0
|6 REV700
|7 1
|9 97683
|a Arxiu
|b Arxiu
|d 2025-01-20
|h Núm. 28 (desembre 1986)
|l 0
|o Rev-700
|p 28709
|r 2025-01-20 00:00:00
|w 2025-01-20
|y ARXIU
|
| 952 |
|
|
|0 0
|1 0
|2 udc
|4 0
|6 REV701
|7 1
|9 97684
|a Arxiu
|b Arxiu
|d 2025-01-20
|h Núm. 29 (març 1987)
|l 0
|o Rev-701
|p 28710
|r 2025-01-20 00:00:00
|w 2025-01-20
|y ARXIU
|
| 952 |
|
|
|0 0
|1 0
|2 udc
|4 0
|6 REV702
|7 1
|9 97685
|a Arxiu
|b Arxiu
|d 2025-01-20
|h Núm. 30 (juny 1987)
|l 0
|o Rev-702
|p 28711
|r 2025-01-20 00:00:00
|w 2025-01-20
|y ARXIU
|
| 952 |
|
|
|0 0
|1 0
|2 udc
|4 0
|6 REV703
|7 1
|9 97686
|a Arxiu
|b Arxiu
|d 2025-01-20
|h Núm. 31 (desembre 1987)
|l 0
|o Rev-703
|p 28712
|r 2025-01-20 00:00:00
|w 2025-01-20
|y ARXIU
|
| 952 |
|
|
|0 0
|1 0
|2 udc
|4 0
|6 REV704
|7 1
|9 97687
|a Arxiu
|b Arxiu
|d 2025-01-20
|h Núm. 32 (juny 1988)
|l 0
|o Rev-704
|p 28713
|r 2025-01-20 00:00:00
|w 2025-01-20
|y ARXIU
|
| 952 |
|
|
|0 0
|1 0
|2 udc
|4 0
|6 REV705
|7 1
|9 97688
|a Arxiu
|b Arxiu
|d 2025-01-20
|h Núm. 33 (desembre 1988)
|l 0
|o Rev-705
|p 28714
|r 2025-01-20 00:00:00
|w 2025-01-20
|y ARXIU
|
| 952 |
|
|
|0 0
|1 0
|2 udc
|4 0
|6 REV706
|7 1
|9 97689
|a Arxiu
|b Arxiu
|d 2025-01-20
|h Núm. 34 (març 1989)
|l 0
|o Rev-706
|p 28715
|r 2025-01-20 00:00:00
|w 2025-01-20
|y ARXIU
|
| 952 |
|
|
|0 0
|1 0
|2 udc
|4 0
|6 REV707
|7 1
|9 97690
|a Arxiu
|b Arxiu
|d 2025-01-20
|h Núm. 35 (juliol 1989)
|l 0
|o Rev-707
|p 28716
|r 2025-01-20 00:00:00
|w 2025-01-20
|y ARXIU
|
| 952 |
|
|
|0 0
|1 0
|2 udc
|4 0
|6 REV708
|7 1
|9 97691
|a Arxiu
|b Arxiu
|d 2025-01-20
|h Núm. 36 (desembre 1989)
|l 0
|o Rev-708
|p 28717
|r 2025-01-20 00:00:00
|w 2025-01-20
|y ARXIU
|
| 952 |
|
|
|0 0
|1 0
|2 udc
|4 0
|6 REV709
|7 1
|9 97692
|a Arxiu
|b Arxiu
|d 2025-01-20
|h Núm. 37 (març 1990)
|l 0
|o Rev-709
|p 28718
|r 2025-01-20 00:00:00
|w 2025-01-20
|y ARXIU
|
| 952 |
|
|
|0 0
|1 0
|2 udc
|4 0
|6 REV710
|7 1
|9 97693
|a Arxiu
|b Arxiu
|d 2025-01-20
|h Núm. 38 (juliol 1990)
|l 0
|o Rev-710
|p 28719
|r 2025-01-20 00:00:00
|w 2025-01-20
|y ARXIU
|
| 952 |
|
|
|0 0
|1 0
|2 udc
|4 0
|6 REV711
|7 1
|9 97694
|a Arxiu
|b Arxiu
|d 2025-01-20
|h Núm. 39 (desembre 1990)
|l 0
|o Rev-711
|p 28720
|r 2025-01-20 00:00:00
|w 2025-01-20
|y ARXIU
|
| 952 |
|
|
|0 0
|1 0
|4 0
|6 REV712
|7 1
|9 97699
|a Arxiu
|b Arxiu
|d 2025-01-22
|h Núm. 40 (març 1991)
|l 0
|o Rev-712
|p 28721
|r 2025-01-22 00:00:00
|w 2025-01-22
|y ARXIU
|
| 952 |
|
|
|0 0
|1 0
|4 0
|6 REV713
|7 1
|9 97700
|a Arxiu
|b Arxiu
|d 2025-01-22
|h Núm. 41 (juliol 1991)
|l 0
|o Rev-713
|p 28722
|r 2025-01-22 00:00:00
|w 2025-01-22
|y ARXIU
|
| 952 |
|
|
|0 0
|1 0
|4 0
|6 REV714
|7 1
|9 97701
|a Arxiu
|b Arxiu
|d 2025-01-22
|h Separata del núm. 41 (juliol 1991)
|l 0
|o Rev-714
|p 28723
|r 2025-01-22 00:00:00
|w 2025-01-22
|y ARXIU
|z Els països de l'est d'Europa i l'economia catalana: possibilitats de cooperació
|
| 952 |
|
|
|0 0
|1 0
|4 0
|6 REV715
|7 1
|9 97702
|a Arxiu
|b Arxiu
|d 2025-01-22
|h Núm. 42 (desembre 1991)
|l 0
|o Rev-715
|p 28724
|r 2025-01-22 00:00:00
|w 2025-01-22
|y ARXIU
|
| 952 |
|
|
|0 0
|1 0
|4 0
|6 REV716
|7 1
|9 97703
|a Arxiu
|b Arxiu
|d 2025-01-22
|h Núm. 44 (octubre 1992)
|l 0
|o Rev-716
|p 28725
|r 2025-01-22 00:00:00
|w 2025-01-22
|y ARXIU
|
| 952 |
|
|
|0 0
|1 0
|4 0
|6 REV717
|7 1
|9 97704
|a Arxiu
|b Arxiu
|d 2025-01-22
|h Núm. 45 (gener 1993)
|l 0
|o Rev-717
|p 28726
|r 2025-01-22 00:00:00
|w 2025-01-22
|y ARXIU
|
| 952 |
|
|
|0 0
|1 0
|4 0
|6 REV718
|7 1
|9 97705
|a Arxiu
|b Arxiu
|d 2025-01-22
|h Núm. 46 (maig 1993)
|l 0
|o Rev-718
|p 28727
|r 2025-01-22 00:00:00
|w 2025-01-22
|y ARXIU
|
| 952 |
|
|
|0 0
|1 0
|4 0
|6 REV719
|7 1
|9 97706
|a Arxiu
|b Arxiu
|d 2025-01-22
|h Núm. 47 (octubre 1993)
|l 0
|o Rev-719
|p 28728
|r 2025-01-22 00:00:00
|w 2025-01-22
|y ARXIU
|
| 952 |
|
|
|0 0
|1 0
|4 0
|6 REV720
|7 1
|9 97707
|a Arxiu
|b Arxiu
|d 2025-01-22
|h Núm. 48 (gener/abril 1994)
|l 0
|o Rev-720
|p 28729
|r 2025-01-22 00:00:00
|w 2025-01-22
|y ARXIU
|
| 952 |
|
|
|0 0
|1 0
|4 0
|6 REV721
|7 1
|9 97708
|a Arxiu
|b Arxiu
|d 2025-01-22
|h Núm. 49 (maig/agost 1994)
|l 0
|o Rev-721
|p 28730
|r 2025-01-22 00:00:00
|w 2025-01-22
|y ARXIU
|
| 952 |
|
|
|0 0
|1 0
|4 0
|6 REV722
|7 1
|9 97709
|a Arxiu
|b Arxiu
|d 2025-01-22
|h Núm. 50 (setembre/desembre 1994)
|l 0
|o Rev-722
|p 28731
|r 2025-01-22 00:00:00
|w 2025-01-22
|y ARXIU
|
| 952 |
|
|
|0 0
|1 0
|4 0
|6 REV723
|7 1
|9 97710
|a Arxiu
|b Arxiu
|d 2025-01-22
|h Núm. 51 (gener/abril 1995)
|l 0
|o Rev-723
|p 28732
|r 2025-01-22 00:00:00
|w 2025-01-22
|y ARXIU
|
| 952 |
|
|
|0 0
|1 0
|4 0
|6 REV724
|7 1
|9 97711
|a Arxiu
|b Arxiu
|d 2025-01-22
|h Núm. 52 (maig/agost 1995)
|l 0
|o Rev-724
|p 28733
|r 2025-01-22 00:00:00
|w 2025-01-22
|y ARXIU
|
| 952 |
|
|
|0 0
|1 0
|4 0
|6 REV725
|7 1
|9 97712
|a Arxiu
|b Arxiu
|d 2025-01-22
|h Núm. 53 (setembre/desembre 1995)
|l 0
|o Rev-725
|p 28734
|r 2025-01-22 00:00:00
|w 2025-01-22
|y ARXIU
|
| 952 |
|
|
|0 0
|1 0
|4 0
|6 REV726
|7 1
|9 97713
|a Arxiu
|b Arxiu
|d 2025-01-22
|h Núm. 54 (gener/abril 1996)
|l 0
|o Rev-726
|p 28735
|r 2025-01-22 00:00:00
|w 2025-01-22
|y ARXIU
|
| 952 |
|
|
|0 0
|1 0
|4 0
|6 REV727
|7 1
|9 97714
|a Arxiu
|b Arxiu
|d 2025-01-22
|h Núm. 57 (gener/abril 1997)
|l 0
|o Rev-727
|p 28736
|r 2025-01-22 00:00:00
|w 2025-01-22
|y ARXIU
|
| 952 |
|
|
|0 0
|1 0
|4 0
|6 REV728
|7 1
|9 97715
|a Arxiu
|b Arxiu
|d 2025-01-22
|h Núm. 58 (maig/agost 1997)
|l 0
|o Rev-728
|p 28737
|r 2025-01-22 00:00:00
|w 2025-01-22
|y ARXIU
|
| 952 |
|
|
|0 0
|1 0
|4 0
|6 REV729
|7 1
|9 97716
|a Arxiu
|b Arxiu
|d 2025-01-22
|h Núm. 59 (setembre/desembre 1997)
|l 0
|o Rev-729
|p 28738
|r 2025-01-22 00:00:00
|w 2025-01-22
|y ARXIU
|
| 952 |
|
|
|0 0
|1 0
|4 0
|6 REV730
|7 1
|9 97717
|a Arxiu
|b Arxiu
|d 2025-01-22
|h Núm. 60 (gener/abril 1998)
|l 0
|o Rev-730
|p 28739
|r 2025-01-22 00:00:00
|w 2025-01-22
|y ARXIU
|
| 952 |
|
|
|0 0
|1 0
|4 0
|6 REV731
|7 1
|9 97718
|a Arxiu
|b Arxiu
|d 2025-01-22
|h Núm. 61/62 (maig/desembre 1998)
|l 0
|o Rev-731
|p 28740
|r 2025-01-22 00:00:00
|w 2025-01-22
|y ARXIU
|
| 952 |
|
|
|0 0
|1 0
|4 0
|6 REV732
|7 1
|9 97719
|a Arxiu
|b Arxiu
|d 2025-01-22
|h Núm. 63 (gener/abril 1999)
|l 0
|o Rev-732
|p 28741
|r 2025-01-22 00:00:00
|w 2025-01-22
|y ARXIU
|
| 952 |
|
|
|0 0
|1 0
|4 0
|6 REV733
|7 1
|9 97720
|a Arxiu
|b Arxiu
|d 2025-01-22
|h Núm. 64 (maig/agost 1999)
|l 0
|o Rev-733
|p 28742
|r 2025-01-22 00:00:00
|w 2025-01-22
|y ARXIU
|
| 952 |
|
|
|0 0
|1 0
|4 0
|6 REV734
|7 1
|9 97721
|a Arxiu
|b Arxiu
|d 2025-01-22
|h Núm. 65 (setembre/desembre 1999)
|l 0
|o Rev-734
|p 28743
|r 2025-01-22 00:00:00
|w 2025-01-22
|y ARXIU
|
| 999 |
|
|
|c 53044
|d 53044
|